000 00433pab a2200181 454500
008 180718b1997 xxu||||| |||| 00| 0 eng d
100 _aWiseman, Richard
245 _aAn experimental test of psychic detection
260 _c1997
300 _ap.19-25
362 _aJan-Mar
650 _aPolice
650 _aCriminal investigation
650 _aCrime
700 _aWest, Donald
773 _aPolice Journal
909 _a33338
999 _c33338
_d33338